000 00430nam a2200145Ia 4500
041 _aKurdish
082 _a891 cut-992 ح
100 _a20260118u\\\\\\\\\\\y0engy0103\\\\ba
100 _aئەحمەد حەیران
245 0 _aکانى خومارۆکێ قەفتێک لێکۆڵینەوەى فۆلکلۆرى
250 _aچ1
260 _bچاپخانە حاجى هاشم
_aهەوڵیر
_c2012
300 _a153
942 _cBk
999 _c189211
_d189211